00532 2200169 4500245004300000020002200043250001100065100001500076700001300091650002100104005001900125260007600144041001400220084001000234300010900244336000900353 aPutri di Dalam HutancWitaru EmihText a978-602-244-940-9 aCet. 1 aWitaru Emi aUmahyuma aCerita Bergambar a20240902104048 aJakartabKementerian Pendidikan, Kebudayaan, Riset, dan Teknologic2022 aIndonesia a741.5 aAndika New Basic 14/30, Delight Snowy, Cardenio Modern, Cloudy with a chance of love. iv, 60 hlm :b1 ; atext